| 000 | 00807nam a2200241Ia 4500 | ||
|---|---|---|---|
| 005 | 20230929141303.0 | ||
| 008 | 210716s1960 xx 000 0 und d | ||
| 020 | _a0231086032 | ||
| 040 | _cAIMIT LIBRARY | ||
| 041 | _aeng | ||
| 082 |
_a374.22 _21 _bBARW |
||
| 100 |
_aBary, Wm Theodore de. _9135599 |
||
| 245 |
_aSources of chinese tradition / _cBy Wm. Theodore de Bary, Wing-tsit Chan and Chester Tan. |
||
| 250 | _a1st ed. | ||
| 260 |
_aNew York : _bColumbia university press , _c1960. |
||
| 300 |
_aI-II V.(xxiii,578p.) _bPB _c20.8 cm |
||
| 440 | _v1 | ||
| 500 | _aContents: v.1-2.Source of chinese tradition/ by Wm. Theodore de Bary. | ||
| 650 |
_aGeneral Knowledge _9135600 |
||
| 700 |
_aChan, Wing -Tsit. _9135601 |
||
| 700 |
_aWatson, Burton. _9135602 |
||
| 942 |
_2ddc _cBK _e1st _k374.22 BARW |
||
| 999 |
_c201226 _d201226 |
||